| 000 | 00810nas a2200253 4500 | ||
|---|---|---|---|
| 001 | BR0304331 | ||
| 003 | BR-BrBNA | ||
| 005 | 20231205104021.0 | ||
| 007 | ta | ||
| 008 | 230509b bl.|||p| |||| 00| 00por d | ||
| 040 |
_aBR-BrBNA _bpor _cBiblioteca Nacional de Agricultura |
||
| 041 | _a(Pt) | ||
| 072 | _aL72 | ||
| 100 | 1 | _aPereira Junior, J. | |
| 100 | 1 | _aCosta, M.A.S. da | |
| 100 | 1 | _aVianna, R.T. | |
| 245 | 1 | _aÍndices parasitológicos de Cucullanidae (Nematoda:Seratoidea)em Micropogonias furnieri (Desmarest, 1823)no litoral do Rio Grande do Sul, Brasil | |
| 650 | _aCORVINA | ||
| 650 | _aHELMINTO | ||
| 650 | _aRIO GRANDE DO SUL | ||
| 773 | 0 |
_tAtlântica (Brazil) _xISSN 0102-1656 _g(2000), v. 24(2) p. 97-101 _wBR0304331 |
|
| 909 |
_a202311 _bLúcia _c55 _dLúcia Elande |
||
| 942 |
_2AGRIS _n0 _cANA |
||
| 999 |
_c175967 _d175967 |
||